00613nam a2200193Ia 4500003000400000005001700004008004100021020003000062040001700092082002000109100002400129245010700153250001200260260003900272300001600311650002900327650002900356650003400385IIN20240209124705.0231217s9999 xx 000 0 und d cRs.2780.00a9788131231173 aIINbEnglish a610.73076 bNUG1 aNugent, Patricia M.1 aMosby's Comprehensive Review of Nursing: bfor the NCLEX-RN Examination /cPatricia M.Nugent...[et al] a20th ed aNew Delhi :bMosby Elsevier,c2012 axiii,849 p.1 aCommunity Health Nursing1 aQuestion SolvedvNursing1 aNCLEX-RN ExaminationvNursing